00675nam a2200193Ia 4500008004100000020001300041082001500054100002300069245006700092250000700159260004100166300002800207500001900235600002100254650005000275942000700325952013400332999001500466240925s9999 xx 000 0 und d a70495491 a005.73 LIP aLipschutz, Seymour 0aSchaum's Outline Series Theory and Problems of Data Structures aNA aNew Delhi:bTata McGraw Hillc,1986. axvi,526p.bNAfOriginal aIncludes Index aComputer Science aComputer science, information & general works cBK 001040708CSaUITUbUITUd2005-04-04eParamount Book Pvt Ltdg317.85l0o005.73 LIPpQ6180r2024-09-25 07:14:06w2024-09-25yBK c8679d8679